La observación de los niños difíciles / (Record no. 23519)

MARC details
000 -LEADER
campo de control de longitud fija 00542nam a2200181 i 4500
001 - NÚMERO DE CONTROL
campo de control 23519
003 - IDENTIFICADOR DE NÚMERO DE CONTROL
campo de control ES-MaACL
005 - FECHA Y HORA DE LA ÚLTIMA TRANSACCIÓN
campo de control 20230906152903.0
007 - CAMPO FIJO DE DESCRIPCIÓN FÍSICA--INFORMACIÓN GENERAL
campo de control de longitud fija t|
008 - DATOS DE LONGITUD FIJA--INFORMACIÓN GENERAL
campo de control de longitud fija 021211s1971 sp ||||1| spa d
100 1# - ENTRADA PRINCIPAL--NOMBRE DE PERSONA
Nombre de persona Amado, Georges.
9 (RLIN) 21077
245 13 - MENCIÓN DEL TÍTULO
Título La observación de los niños difíciles /
Mención de responsabilidad, etc. Georges Amado, Jacqueline Roy ; [traducción de Tilesa].
260 ## - PUBLICACIÓN, DISTRIBUCIÓN, ETC.
Lugar de publicación, distribución, etc. Madrid :
Nombre del editor, distribuidor, etc. Narcea,
Fecha de publicación, distribución, etc. 1971.
300 ## - DESCRIPCIÓN FÍSICA
Extensión 216 p. ;
Dimensiones 19 cm.
700 1# - ENTRADA AGREGADA--NOMBRE PERSONAL
Nombre de persona Roy, Jacqueline.
9 (RLIN) 100201
700 1# - ENTRADA AGREGADA--NOMBRE PERSONAL
Nombre de persona Tilesa.
9 (RLIN) 110256
852 ## - LOCALIZACIÓN
Ubicación ES-MaACL
Número de control de estantería C-45301
Sublocalización o colección R.79331
Holdings
Estatus retirado Estado de pérdida Estado de daño No para préstamo Biblioteca de origen Biblioteca actual Ubicación en estantería Fecha de adquisición Fuente de adquisición Total de préstamos Signatura topográfica completa Código de barras Visto por última vez Precio de reemplazo Tipo de ítem Koha
        Biblioteca del Ateneo de Madrid Biblioteca del Ateneo de Madrid Depósito 2 17/01/2008     C-45301 1024234 23/02/2023 23/02/2023 Libro impreso